Länder Europas - Sudden Death - Statistiken

Allgemein
  • Dieses Quiz wurde 1.702 mal gespielt
  • Das Durchschnittsergebnis liegt bei 12 aus 18
Answers on the Grid
Answers color-coded by a green-red scale on the quiz's grid according to % correct below.
Andorra
Montenegro
Moldawien
Georgien
Türkei
Litauen
Liechtenstein
Monaco
Armenien
Marokko
Bosnien und Herzegowina
Portugal
San Marino
Zypern
Trinidad und Tobago
Nordmazedonien
Slowenien
Island
Usbekistan
Osttimor
Ukraine
Estland
Irland
Tunesien
Kuba
Kosovo
Lettland
Albanien
Kasachstan
Katar
 
Antwortstatistiken
Antwort % Korrekt
Andorra
94%
Montenegro
85%
Moldawien
80%
Litauen
72%
Liechtenstein
71%
Bosnien und Herzegowina
66%
Monaco
65%
Portugal
65%
San Marino
63%
Estland
57%
Irland
56%
Albanien
55%
Nordmazedonien
55%
Slowenien
55%
Lettland
54%
Island
53%
Kosovo
53%
Ukraine
53%
Keine übereinstimmenden Quizze gefunden
Verteilung der Resultate
Anzahl Personen mit jedem Resultat
Perzentil nach korrekt beantworteten Fragen
Ihre Resultats-Entwicklung
Sie haben dieses Quiz noch nicht gespielt